[Event "AUTO-MASTER-1972"]
[Site "http://www.queenalice.com/game.php?id=1228206"]
[Date "2013.10.29"]
[Round "1"]
[White "Ephystos"]
[Black "GMcruz"]
[Result "1-0"]
[WhiteElo "2252"]
[BlackElo "2091"]

1. e4 e6 2. d4 d5 3. Nc3 Bb4 4. e5 c5 5. a3 Bxc3+ 6. bxc3 Ne7 7. Qg4 Nbc6 8.
Qxg7 Rg8 9. Qxh7 cxd4 10. cxd4 Nxd4 11. Qd3 Ndc6 12. f4 Bd7 13. Nf3 Qc7 14. Qd2
O-O-O 15. Bd3 d4 16. O-O Kb8 17. a4 Bc8 18. a5 Nd5 19. Qf2 Nc3 20. Ra3 Nxa5 21.
Nxd4 b6 22. g3 Bb7 23. Bd2 Ne4 24. Bxe4 Bxe4 25. Bxa5 bxa5 26. Rb1+ Ka8 27. Nb5
Qb6 28. Qxb6 axb6 29. Nd6 1-0

[Event "AUTO-MASTER-1972"]
[Site "http://www.queenalice.com/game.php?id=1228223"]
[Date "2013.10.29"]
[Round "1"]
[White "Ephystos"]
[Black "capablanca2014"]
[Result "1-0"]
[WhiteElo "2316"]
[BlackElo "2104"]

1. e4 d5 2. exd5 Qxd5 3. Nc3 Qd8 4. d4 Nf6 5. Nf3 c6 6. Bc4 Bf5 7. Ne5 e6 8. g4
Bg6 9. h4 Bb4 10. f3 Nd5 11. Bxd5 cxd5 12. h5 f6 13. hxg6 fxe5 14. gxh7 Qe7 15.
dxe5 Nc6 16. Bd2 O-O-O 17. Qe2 g6 18. O-O-O Rxh7 19. Rxh7 Qxh7 20. Bg5 Rf8 21.
Nb5 Be7 22. Bxe7 Qxe7 23. Qe3 Kb8 24. Nd4 Nxd4 25. Rxd4 Qh4 26. Rd1 Qg3 27. Rf1
b6 28. b3 Qh3 29. Qf2 g5 30. Kb1 Kb7 31. Kb2 Kb8 32. a3 Rf7 33. Qe2 Kb7 34. a4
a5 35. Qf2 Rf8 36. Kb1 Rf7 37. Kc1 Qh8 38. Qe2 Qh3 39. Qd3 Qh2 40. Qe3 Rc7 41.
Rf2 Qg1+ 42. Kb2 Rh7 43. Re2 Qxe3 44. Rxe3 Kc6 45. Rc3+ Kd7 46. Rd3 Kc6 47. c4
dxc4 48. bxc4 1-0

[Event "AUTO-MASTER-1972"]
[Site "http://www.queenalice.com/game.php?id=1228224"]
[Date "2013.10.29"]
[Round "1"]
[White "capablanca2014"]
[Black "Ephystos"]
[Result "0-1"]
[WhiteElo "2097"]
[BlackElo "2322"]

1. d4 Nf6 2. Bf4 d5 3. e3 c5 4. c3 Nc6 5. Nd2 e6 6. Bd3 Be7 7. Ngf3 O-O 8. Ne5
Nxe5 9. Bxe5 b6 10. O-O Bb7 11. Qf3 Qd7 12. h4 Qa4 13. h5 h6 14. g4 c4 15. b3
Qa5 16. bxc4 Qxc3 17. Qe2 Ne4 18. Bxe4 dxe4 19. Rfc1 Qa3 20. Qd1 Rac8 21. Rab1
Qa6 22. g5 Bxg5 23. Rb4 Bc6 24. c5 bxc5 25. dxc5 Rfd8 26. Bd6 f5 27. Nc4 Bf6 28.
Qc2 Be8 29. Qe2 Ba4 30. a3 Bc6 31. Qc2 Be8 32. Qe2 Bb5 33. Qa2 Qc6 34. Na5 Qd7
35. Rxb5 Qxb5 36. Qxe6+ Kh8 37. Nc4 Qd7 38. Qd5 Rc6 39. Kh2 Kh7 40. Kg3 Be7 41.
Rd1 Ra6 42. Kg2 Bf6 43. Rb1 Re8 44. Rb7 Qe6 45. Qxe6 Rxe6 46. Kh3 Ra4 47. Rb4
Rxb4 48. axb4 a6 49. Nb6 Kg8 0-1

[Event "AUTO-MASTER-1972"]
[Site "http://www.queenalice.com/game.php?id=1228225"]
[Date "2013.10.29"]
[Round "1"]
[White "Ephystos"]
[Black "luciopac"]
[Result "1-0"]
[WhiteElo "2284"]
[BlackElo "2249"]

1. e4 e6 2. d4 d5 3. Nc3 Bb4 4. e5 c5 5. a3 Bxc3+ 6. bxc3 Qa5 7. Bd2 Qa4 8. Qg4
Kf8 9. Ra2 b6 10. Nf3 Ba6 11. Bd3 Bxd3 12. cxd3 Qb5 13. O-O Qxd3 14. dxc5 bxc5
15. Be3 Qb5 16. c4 Qxc4 17. Qxc4 dxc4 18. Rc2 Nd7 19. Rxc4 Ne7 20. Bxc5 Nxc5 21.
Rxc5 Nd5 22. Rb5 Nb6 23. Rc1 h6 24. h4 g6 25. Rc7 Kg7 26. Nd4 Rhe8 27. Kh2 Kf8
28. Nc6 Rec8 29. Rxc8+ Nxc8 30. Kg3 Ne7 31. Nxe7 Kxe7 32. Rb7+ Kf8 33. a4 a5 34.
Rb5 Ra7 35. Kf4 Ke7 36. g3 Kd7 37. Rc5 Rb7 38. Rxa5 Kc6 39. Ra6+ Kd5 40. Rd6+
Kc5 41. a5 Kb5 42. a6 Ra7 43. Kg4 Rxa6 44. Rd7 Ra4+ 45. Kh3 g5 46. h5 Kc5 47.
Rxf7 Kd5 48. Rh7 Kxe5 49. Rxh6 Kf5 50. g4+ 1-0

[Event "AUTO-MASTER-1972"]
[Site "http://www.queenalice.com/game.php?id=1228226"]
[Date "2013.10.29"]
[Round "1"]
[White "luciopac"]
[Black "Ephystos"]
[Result "0-1"]
[WhiteElo "2261"]
[BlackElo "2266"]

1. e4 c5 2. Nf3 d6 3. d4 cxd4 4. Nxd4 Nf6 5. Bd3 e6 6. c4 a6 7. Nc3 Be7 8. O-O
O-O 9. Be3 Nc6 10. f3 h5 11. Rc1 Nxd4 12. Bxd4 h4 13. Qd2 h3 14. g4 Bd7 15. Ne2
e5 16. Be3 Nh7 17. Nc3 Bg5 18. Nd5 Bc6 19. Rfd1 Bxd5 20. exd5 Bxe3+ 21. Qxe3 Ng5
22. c5 dxc5 23. Rxc5 Qf6 24. Be4 Nxe4 25. fxe4 Rac8 26. b4 Qg6 27. Qf3 Qb6 28.
Rc1 Rxc5 29. bxc5 Qb2 30. Re1 Rc8 31. Qxh3 Rxc5 32. g5 Rc1 33. Qe3 Rb1 34. Rxb1
Qxb1+ 35. Kf2 Qxa2+ 36. Kg3 Qc2 37. g6 fxg6 38. Qb6 Qd3+ 39. Kf2 Qd2+ 40. Kf1
Qf4+ 41. Kg1 Qg5+ 42. Kh1 Qf6 43. Qb1 Qf3+ 44. Kg1 Qe3+ 45. Kg2 Qd2+ 46. Kg3 b5
47. Qb3 Qf4+ 48. Kh3 g5 49. d6+ Kf8 0-1

[Event "AUTO-ADV-2947"]
[Site "http://www.queenalice.com/game.php?id=1229479"]
[Date "2013.11.2"]
[Round "2"]
[White "Ephystos"]
[Black "zolaweed"]
[Result "1-0"]
[WhiteElo "2201"]
[BlackElo "2123"]

1. e4 c5 2. Nf3 Nc6 3. d4 cxd4 4. Nxd4 e5 5. Nb5 d6 6. N1c3 a6 7. Na3 b5 8. Nd5
h6 9. c4 b4 10. Nc2 a5 11. Be3 Nf6 12. Bb6 1-0

[Event "AUTO-ADV-2947"]
[Site "http://www.queenalice.com/game.php?id=1229480"]
[Date "2013.11.2"]
[Round "2"]
[White "zolaweed"]
[Black "Ephystos"]
[Result "0-1"]
[WhiteElo "2106"]
[BlackElo "2259"]

1. e4 c5 2. Bc4 e6 3. Nc3 Nc6 4. a3 Nf6 5. Nf3 d5 6. exd5 exd5 7. Ba2 Qe7+ 8.
Qe2 Qxe2+ 9. Nxe2 Bg4 10. Nc3 Bxf3 11. gxf3 Nd4 12. Kd1 O-O-O 13. d3 Nxf3 14.
Bf4 g5 15. Bg3 h5 16. h4 g4 17. Kc1 Bh6+ 18. Kd1 Rhe8 19. Ne2 Rd7 20. c3 b5 21.
Nf4 c4 22. Bb1 Rde7 0-1

[Event "AUTO-ADV-2947"]
[Site "http://www.queenalice.com/game.php?id=1229481"]
[Date "2013.11.2"]
[Round "2"]
[White "Ephystos"]
[Black "Andrez"]
[Result "1-0"]
[WhiteElo "2278"]
[BlackElo "2063"]

1. e4 e5 2. Nf3 Nc6 3. Bb5 d6 4. d4 exd4 5. Nxd4 Bd7 6. Nc3 Be7 7. O-O Nf6 8.
Re1 O-O 9. Bxc6 bxc6 10. Qf3 h6 11. Bf4 Rb8 12. b3 Bg4 13. Qd3 Bd7 14. h3 Re8
15. Rad1 a5 16. e5 dxe5 17. Bxe5 Bd6 18. Qg3 Rxe5 19. Rxe5 Bxe5 20. Qxe5 Qe8 21.
Qxa5 Qc8 22. Na4 Ra8 23. Qe5 Qe8 24. Qxc7 Nd5 25. Qd6 Be6 26. Qxc6 Qxc6 27. Nxc6
Rc8 28. Rxd5 Rxc6 29. Rd8+ Kh7 30. c4 g5 31. Nc3 Ra6 32. a4 h5 33. Nb5 Kg6 34.
Nc7 Kf6 35. Nxa6 g4 36. Nc5 1-0

[Event "AUTO-ADV-2947"]
[Site "http://www.queenalice.com/game.php?id=1229482"]
[Date "2013.11.2"]
[Round "2"]
[White "Andrez"]
[Black "Ephystos"]
[Result "0-1"]
[WhiteElo "2022"]
[BlackElo "2218"]

1. f4 d5 2. Nf3 g6 3. e3 Bg7 4. Be2 Nf6 5. b3 Ne4 6. c3 c5 7. O-O Nc6 8. a3 O-O
9. Qe1 Be6 10. d4 Qb6 11. b4 cxd4 12. cxd4 Nxd4 13. Nxd4 Bxd4 14. Bf3 Bxa1 15.
Bxe4 dxe4 16. Nc3 Bxc3 17. Qxc3 Rac8 18. Qe5 Rxc1 19. Rxc1 Qxe3+ 0-1

[Event "AUTO-ADV-2947"]
[Site "http://www.queenalice.com/game.php?id=1229483"]
[Date "2013.11.2"]
[Round "2"]
[White "Ephystos"]
[Black "carver"]
[Result "1-0"]
[WhiteElo "2211"]
[BlackElo "2060"]

1. e4 e5 2. Nf3 Nc6 3. Bb5 d6 4. d4 a6 5. Ba4 b5 6. Bb3 Bg4 7. dxe5 Nxe5 8. Nxe5
dxe5 9. Qxg4 Nf6 10. Qg5 h6 11. Qxe5+ Be7 12. Nc3 O-O 13. Be3 Bd6 14. Qf5 Rc8
15. e5 Bxe5 16. Qxe5 Re8 17. Qc5 1-0

[Event "AUTO-ADV-2947"]
[Site "http://www.queenalice.com/game.php?id=1229484"]
[Date "2013.11.2"]
[Round "2"]
[White "carver"]
[Black "Ephystos"]
[Result "0-1"]
[WhiteElo "2056"]
[BlackElo "2177"]

1. d4 Nf6 2. c4 g6 3. Nc3 Bg7 4. Bf4 d5 5. e3 O-O 6. cxd5 Nxd5 7. Nxd5 Qxd5 8.
Bxc7 Na6 9. Bg3 Bf5 10. Nf3 Nb4 11. Rc1 Rac8 12. b3 Nc2+ 0-1

[Event "AUTO-OPEN-2956"]
[Site "http://www.queenalice.com/game.php?id=1231245"]
[Date "2013.11.9"]
[Round "2"]
[White "Ephystos"]
[Black "MarTraM"]
[Result "1-0"]
[WhiteElo "2300"]
[BlackElo "2379"]

1. e4 e5 2. Nf3 Nc6 3. d4 exd4 4. Nxd4 Bc5 5. Be3 Qf6 6. c3 Nge7 7. Bc4 d6 8.
O-O O-O 9. f4 d5 10. exd5 Nxd5 11. Bxd5 Re8 12. Bf2 Ne7 13. Be4 Ng6 14. Nd2 Qxf4
15. Qc2 Bd6 16. g3 Qh6 17. Nc4 Ne5 18. Be3 Qh5 19. Nxd6 cxd6 20. Rae1 Re7 21.
Nf5 Bxf5 22. Rxf5 Qh3 23. Bg2 Qg4 24. Bd5 Kh8 25. Rf4 Qd7 26. Ref1 a5 27. Rh4
Ng6 28. Rh5 Qg4 29. Bf3 Qd7 30. Bd4 Kg8 31. Qd2 Nf8 32. Qg5 Ne6 33. Qh4 Nf8 34.
Be4 Rxe4 35. Qxe4 a4 36. Qd5 Re8 37. Qg5 Ng6 38. Bxg7 Kxg7 39. Qh6+ 1-0

[Event "AUTO-OPEN-2956"]
[Site "http://www.queenalice.com/game.php?id=1231246"]
[Date "2013.11.9"]
[Round "2"]
[White "MarTraM"]
[Black "Ephystos"]
[Result "1/2-1/2"]
[WhiteElo "2365"]
[BlackElo "2314"]

1. d4 Nf6 2. c4 g6 3. Nc3 Bg7 4. e4 d6 5. Bd3 O-O 6. Nge2 Nc6 7. O-O e5 8. d5
Nd4 9. Be3 Ng4 10. Bd2 c5 11. f3 Nf6 12. Nb5 a6 13. Nbxd4 exd4 14. Bg5 Qc7 15.
Bh4 Nd7 16. f4 Nf6 17. h3 Bd7 18. Ng3 Rae8 19. a4 h6 20. a5 Bc8 21. Qd2 Nd7 22.
Nh1 Nf6 23. Ng3 Nd7 24. Nh1 Nf6 25. Rfe1 Bd7 26. Ng3 Bc8 27. Bc2 Bd7 28. Ra3 Bc8
29. Rf3 Nd7 30. Ra1 b6 31. Ba4 bxa5 32. Bc6 f6 33. Qxa5 Qb8 34. Qa4 Qa7 35. Qa3
Qb6 36. Re1 g5 37. Nf5 gxh4 38. Nxd6 Re7 39. Nf5 Ref7 40. Nd6 Re7 41. Nf5 Ref7
1/2-1/2

[Event "AUTO-OPEN-2956"]
[Site "http://www.queenalice.com/game.php?id=1246069"]
[Date "2014.1.7"]
[Round "3"]
[White "carver"]
[Black "Ephystos"]
[Result "0-1"]
[WhiteElo "1937"]
[BlackElo "2328"]

1. d4 g6 2. Bf4 Bg7 3. e3 d6 4. Nf3 Nf6 5. Nc3 O-O 6. h3 c6 7. Bd3 Nd5 8. Bg3
Nxc3 9. bxc3 Qa5 10. Qd2 c5 11. O-O Nc6 12. Rfb1 a6 13. Rb3 d5 14. c4 dxc4 15.
Bxc4 cxd4 16. Rd1 Qxd2 17. Rxd2 dxe3 18. fxe3 Na5 19. Bd5 Nxb3 20. axb3 e6 21.
Be4 a5 22. c4 a4 23. Ra2 f5 24. Bb1 Rd8 25. Bc2 axb3 26. Bxb3 Rxa2 27. Bxa2 Rd3
28. Bf4 Ra3 0-1

[Event "AUTO-OPEN-2956"]
[Site "http://www.queenalice.com/game.php?id=1246070"]
[Date "2014.1.7"]
[Round "3"]
[White "Ephystos"]
[Black "carver"]
[Result "1-0"]
[WhiteElo "2327"]
[BlackElo "1929"]

1. e4 e5 2. Nf3 Nc6 3. Bb5 d6 4. Nc3 Nf6 5. d4 a6 6. Bxc6+ bxc6 7. dxe5 Ng4 8.
Bf4 Be7 9. Qe2 O-O 10. O-O-O Rb8 11. h3 Nh6 12. Rd2 f6 13. Bxh6 gxh6 14. Nd4 Rb6
15. Qc4+ Kh8 16. Nxc6 Qd7 17. Nxe7 Qxe7 18. Nd5 Qf7 19. Nxb6 cxb6 20. Qxf7 Rxf7
21. Rxd6 Kg7 22. exf6+ Rxf6 23. Rxf6 Kxf6 24. Kd2 1-0

[Event "AUTO-OPEN-3069"]
[Site "http://www.queenalice.com/game.php?id=1260788"]
[Date "2014.2.28"]
[Round "2"]
[White "Ephystos"]
[Black "Brooke"]
[Result "0-1"]
[WhiteElo "2376"]
[BlackElo "2811"]

1. e4 c5 2. Nf3 d6 3. d4 cxd4 4. Nxd4 Nf6 5. Nc3 a6 6. Be3 e5 7. Nb3 Be6 8. f3
Nbd7 9. Qd2 h5 10. O-O-O Be7 11. Kb1 Qc7 12. g3 b5 13. Nd5 Bxd5 14. exd5 O-O 15.
f4 Rfe8 16. fxe5 Nxe5 17. Bd4 Bf8 18. h3 Nf3 19. Qc1 Nxd4 20. Nxd4 Qe7 21. Bg2
Qe3 22. Bf3 g6 23. c3 Bh6 24. Qc2 Nd7 25. Rhf1 Ne5 26. Bxh5 gxh5 27. Nf5 Qg5 28.
Nxd6 Red8 29. Nf5 Bf8 30. g4 h4 31. b3 Re8 32. Qf2 a5 33. d6 a4 34. Qc5 axb3 35.
axb3 Qg6 36. Qd5 Nd7 37. Qxb5 Ra7 38. Rfe1 Rea8 39. Kc2 Qg5 40. Re4 Ra2+ 41. Kd3
Rd8 42. Re2 Rxe2 43. Kxe2 Re8+ 44. Kd3 Qf4 45. Ne7+ Bxe7 0-1

[Event "AUTO-OPEN-3069"]
[Site "http://www.queenalice.com/game.php?id=1260789"]
[Date "2014.2.28"]
[Round "2"]
[White "Brooke"]
[Black "Ephystos"]
[Result "1-0"]
[WhiteElo "2810"]
[BlackElo "2377"]

1. e4 c5 2. Nf3 d6 3. d4 cxd4 4. Nxd4 Nf6 5. Nc3 a6 6. Bg5 e6 7. f4 Be7 8. Qf3
Qc7 9. O-O-O Nbd7 10. g4 b5 11. Bxf6 Nxf6 12. g5 Nd7 13. f5 Bxg5+ 14. Kb1 Ne5
15. Qh5 Qd8 16. h4 Bf6 17. fxe6 O-O 18. Bh3 Kh8 19. Nd5 fxe6 20. Bxe6 Bb7 21.
Rhf1 g6 22. Qe2 Bxh4 23. Rh1 Rb8 24. Qh2 g5 25. Nf5 Re8 26. Nxh4 gxh4 27. Bf5
Bxd5 28. Rxd5 Rg8 29. Rhd1 Nc4 30. Bxh7 Rg3 31. Rh5 Qf6 32. Bf5+ Kg7 33. Rh7+
Kf8 34. c3 b4 35. Rxh4 Na3+ 36. Ka1 Nc2+ 37. Qxc2 Qxh4 38. cxb4 Re8 39. a4 Qf6
40. Qh2 Qe5 41. Qh6+ Kf7 42. Qh5+ Ke7 43. Qh4+ Kf7 44. Rd5 Rh8 45. Bh7 1-0

[Event "AUTO-OPEN-3069"]
[Site "http://www.queenalice.com/game.php?id=1260790"]
[Date "2014.2.28"]
[Round "2"]
[White "Ephystos"]
[Black "Narizinho"]
[Result "1-0"]
[WhiteElo "2333"]
[BlackElo "1374"]

1. e4 e5 2. d4 exd4 3. Qxd4 Nc6 4. Qe3 Nf6 5. Nc3 Bb4 6. Bd2 O-O 7. O-O-O d6 8.
Qg3 b6 9. a3 Bc5 10. Bg5 Qe8 11. Bxf6 d5 12. Qxg7# 1-0

[Event "AUTO-OPEN-3069"]
[Site "http://www.queenalice.com/game.php?id=1260791"]
[Date "2014.2.28"]
[Round "2"]
[White "Narizinho"]
[Black "Ephystos"]
[Result "0-1"]
[WhiteElo "1294"]
[BlackElo "2334"]

1. e4 c5 2. Nc3 Nc6 3. Nf3 e6 4. Bb5 Nge7 5. O-O a6 6. Be2 Nd4 7. Bd3 Nec6 8. b3
Nb4 9. a3 Nxd3 10. cxd3 Be7 11. b4 b6 12. bxc5 bxc5 13. Bb2 O-O 14. Nxd4 cxd4
15. Ne2 e5 16. a4 Rb8 17. f4 Rxb2 0-1

[Event "AUTO-MASTER-1972"]
[Site "http://www.queenalice.com/game.php?id=1279724"]
[Date "2014.5.7"]
[Round "2"]
[White "Ephystos"]
[Black "colognestar"]
[Result "1-0"]
[WhiteElo "2363"]
[BlackElo "2181"]

1. e4 e5 2. Nf3 Nc6 3. Bc4 Nf6 4. d3 Bc5 5. c3 d6 6. O-O O-O 7. Bb3 Bg4 8. Nbd2
a6 9. h3 Bh5 10. Re1 h6 11. Nf1 g5 12. Ng3 Bg6 13. h4 gxh4 14. Nxh4 Bh7 15. Bxh6
Re8 16. Qf3 Na5 17. Ngf5 1-0

[Event "AUTO-MASTER-1972"]
[Site "http://www.queenalice.com/game.php?id=1279725"]
[Date "2014.5.7"]
[Round "2"]
[White "colognestar"]
[Black "Ephystos"]
[Result "0-1"]
[WhiteElo "2212"]
[BlackElo "2370"]

1. e4 Nf6 2. e5 Nd5 3. d4 d6 4. Nf3 Bg4 5. Be2 e6 6. O-O Be7 7. c4 Nb6 8. exd6
cxd6 9. b3 O-O 10. Bb2 Nc6 11. Nbd2 Bf5 12. a3 a5 13. Rc1 d5 14. c5 Nd7 15. Bc3
Nxc5 16. dxc5 d4 17. Nxd4 Nxd4 18. Bxd4 Qxd4 19. Nf3 Qb2 20. Qd7 Bf6 21. Bc4
Rac8 22. Qxb7 Rxc5 23. a4 Bd3 24. Qb6 Bxf1 0-1